000 00806nam a2200277 b 4500
001
003 DO-SdBPM
005 20241211102351.0
008 970926s2004 ch || ||spa
017 _a
_b
020 _a8437223997
040 _aDO-SdBPM
_bspa
_cBPMSU
082 4 _a823.91
_bR823f 2004
_222
100 1 _aRoss, Tony
_d1938-
245 1 3 _aLa pequeña princesa :
_bfiguras /
_cTony Ross
260 _aChina :
_bEdiciones Generales S. L,
_c20004
300 _a12 p :
_bil. ;
_c15 cm
490 0 _aLa pequeña princesa
590 _aInventariado, 2024/VM
650 4 _aCuentos infantiles ingleses
650 4 _aLbros ilustrados para niños
650 4 _aFiguras geométricas
_xEnseñanza preescolar
_v
830 _v
910 _aVMateo V. Control de calidad. BPMSU
942 _2ddc
_cBK
999 _c14883
_d14883